1103 1579 1308 1764 1080 1456 1485 1888 1666 1383 1185 1839 1247 1835 1583 1061 1148 1300 1256 1364 1955 1469 1478 1794 1305 1054 1776 1233 1570 1828 1395 1839 1529 2000 1203 1121 1184 1598 1948 1807 1568 1744 1755 1367 1045 1477 1083 1984 1455 1398 1347 1818 1110 1194 1806 1310 1863 1718 1032 1941 1280 1518 1734 1977 1486 1849 1895 1365 1080 1063 1561 1260 1428 1039 1063 1538 1398 1707 1558 1322 1059 1877 1836 1960 1801 1804 1396 1784 1042 1284 1804 1450 1877 1334 1842 1478 1826 1855 1596 BCNSPRNW ULIB Ver.6.0+V

เปลี่ยนเป็นภาษาไทย

Change to English
 แสดงรายละเอียดบรรณานุกรม
  กลับหน้าหลัก

Brief Record : Get Marc (ISO 2709) : E-mail record : QR code < ปิดหน้าต่าง
LEADER : 00000nam 2200000 i 4500
001    13399126661
003     ULIB
008    180305s2017 th a b 001 0 tha d
020    ^a9786164457218
040    ^a^erda
060  4 ^aWY100^bก492^d2560
245 00 ^aการพยาบาลพื้นฐาน /^cบรรณาธิการ, สุปาณี เสนาดิสัย, วรรณภาประไพพานิช
250    ^aพิมพ์ครั้งที่ 1 (ฉบับปรับปรุง)
300    ^a861 หน้า :^bภาพประกอบ ;^c26 ซม
504    ^aบรรณานุกรมท้ายบท
505 0  ^aการพยาบาล พยาบาลและทีมสุขภาพ -- วิวัฒนาการของวิชาชีพการพยาบาล --สุขภาพและความเจ็บป่วย -- การประเมินภาวะสุขภาพ --บทบาทพยาบาลกับการสอนสุขศึกษา --การพยาบาลเพื่อป้องกันและควบคุมการติดเชื้อ --การพยาบาลเพื่อป้องกันอุบัติเหตุ -- การรับ การย้าย และการจำหน่ายผู้ป่วย -- การพยาบาลเพื่อสนองความต้องการด้านการปฏิบัติกิจวัตรประจำวัน --การพยาบาลเพื่อฟื้นฟูสมรรถภาพ --การพยาบาลเพื่อสนองความต้องการด้านการเคลื่อนไหว --การพยาบาลเพื่อสนองความต้องการด้านความสุขสบายและปลอดภัย --การพยาบาลผู้ป่วยที่มีอาการอักเสบ -- การพยาบาลผู้ป่วยผู้ป่วยที่มีแผล --การพยาบาลผู้ป่วยผู้ป่วยที่มีไข้ -- หลักการพยาบาลในการให้ยา สารน้ำและเลือด -- การพยาบาลผู้ป่วยที่มีความเปลี่ยนแปลงระดับความรู้สึกตัว --การพยาบาลผู้ป่วยที่มีอาการและอาการแสดงที่ผิดปกติของระบบทางเดินหายใจ -- การพยาบาลผู้ป่วยที่มีอาการและอาการแสดงที่ผิดปกติของระบบทางเดินอาหาร-- การพยาบาลผู้ป่วยที่มีภาวะไม่สมดลของสารน้ำและอิเล็กโทรลัยต์ --การพยาบาลผู้ป่วยที่มีอาการและอาการแสดงที่ผิดปกติของระบบทางเดินปัสสาวะ-- การพยาบาลผู้ป่วยที่มีอาการเจ็บปวด ปวดศีรษะ และเวียนศีรษะ --บทบาทของพยาบาลในการเตรียมผู้ป่วยเพื่อตรวจร่างกาย --การพยาบาลผู้ป่วยในระยะก่อนและหลังผ่าตัด -- การพยาบาลผู้ป่วยที่เจ็บหนักผู้ป่วยใกล้ถึงแก่กรรม และผู้ป่วยถึงแก่กรรม
650  7 ^aการพยาบาล
650  7 ^aผู้ป่วย^xการดูแล
700 0  ^aสุปาณี เสนาดิสัย,^eบรรณาธิการ
700 0  ^aวรรณภา ประไพพานิช,^eบรรณาธิการ
945    ^p580^l0^i26923
945    ^p580^l0^i26922
999    ^aกัณชพร
รายการนี้ยังไม่มีแท็ก
คุณยังไม่ได้ล็อกอิน คุณสามารถมีกิจกรรมร่วมกับเว็บไซต์ได้ แต่ต้องล็อกอินก่อน ::
  ล็อกอิน

รายการสื่อสารสนเทศ

ลำดับที่ ประเภท เลขเรียก/บาร์โค้ด สถานที่ สถานะ
1. หนังสือสำรอง
หนังสือสำรอง
WY100 ก492 2560 ฉ.1 
  Barcode: 26922
ห้องสมุดวิทยาเขตนครสวรรค์
►หนังสือทั่วไป:l:General Books
บนชั้น
2. วิทยาศาสตร์การแพทย์ และสุขภาพ
วิทยาศาสตร์การแพทย์ และสุขภาพ
WY100 ก492 2560 ฉ.2 
  Barcode: 26923
ห้องสมุดวิทยาเขตนครสวรรค์
►หนังสือทั่วไป:l:General Books
บนชั้น
Note:อยู่ฝั่งสปร.

รายการใกล้เคียง
    หัวเรื่อง [การพยาบาล]
    หัวเรื่อง [ผู้ป่วย การดูแล]

BibComment


ยังไม่เคยถูกคอมเมนท์

คอมเมนท์ทรัพยากรรายการนี้
  คอมเมนท์: การพยาบาลพื้นฐาน..


 Copyright 2026. Bcnsprnw @Library